[Event "ESP-ch rapid"]
[Site "Linares"]
[Date "2019.08.24"]
[Round "8"]
[White "Gil Ojeda, Jorge"]
[Black "Bernabeu Lopez, Carlos Javier"]
[Result "0-1"]
[WhiteElo "1960"]
[BlackElo "2370"]
[PlyCount "82"]
[EventDate "2019.08.24"]
[EventType "swiss (rapid)"]
[EventRounds "9"]
[EventCountry "ESP"]
[SourceTitle "EXT 2020"]
[Source "ChessBase"]
[SourceDate "2019.10.17"]
[SourceVersion "1"]
[SourceVersionDate "2019.10.17"]
[SourceQuality "1"]

1. e4 e5 2. Nf3 Nc6 3. d4 exd4 4. Nxd4 Nf6 5. Nxc6 bxc6 6. e5 Qe7 7. Qe2 Nd5 8. c4 Ba6 9. b3 g5 10. g3 Bg7 11. Bb2 0-0 12. Nc3 Rfe8 13. Nxd5 cxd5 14. Bg2 Qb4+ 15. Qd2 Bxe5 16. Qxb4 Bc3+ 17. Kf1 Bxb4 18. Bxd5 c6 19. Bf3 d5 20. a3 Bf8 21. Kg2 Rab8 22. cxd5 Rxb3 23. Bf6 cxd5 24. Bxd5 Rd3 25. Rhd1 Rxd5 26. Rxd5 Bb7 27. Rad1 Re6 28. Be5 Rxe5 29. Rb1 Bxd5+ 30. Kh3 h5 31. g4 Be6 32. Kg3 Bd6 33. Kg2 Bd5+ 34. Kg1 hxg4 35. a4 Bb4 36. a5 Bxa5 37. h4 gxh4 38. f3 Bxf3 39. Rc1 g3 40. Kf1 h3 41. Kg1 h2+ 0-1

[Event "Tenerife-ch"]
[Site "Tenerife"]
[Date "2019.04.25"]
[Round "8"]
[White "Gil Ojeda, Jorge"]
[Black "Rodriguez Redondo, Adhara"]
[Result "0-1"]
[WhiteElo "1978"]
[BlackElo "1953"]
[PlyCount "70"]
[EventDate "2019.04.03"]
[EventType "tourn"]
[EventRounds "9"]
[EventCountry "ESP"]
[SourceTitle "CBM 190 Extra"]
[Source "ChessBase"]
[SourceDate "2019.07.15"]
[SourceVersion "1"]
[SourceVersionDate "2019.07.15"]
[SourceQuality "1"]

1. e4 c5 2. Nf3 e6 3. d4 cxd4 4. Nxd4 Nc6 5. Nc3 a6 6. Nxc6 bxc6 7. Qd3 d5 8. exd5 cxd5 9. Be2 Nf6 10. 0-0 Bd6 11. Bg5 Rb8 12. b3 Bb7 13. Rad1 Qc7 14. h3 Rc8 15. Na4 Ne4 16. Qe3 h6 17. Bh4 Bf4 18. Qd4 Be5 19. Qe3 d4 20. Qd3 g5 21. Bg3 Nxg3 22. fxg3 Qxc2 23. Nb6 Rc3 24. Qxc2 Rxc2 25. Bf3 Bxf3 26. Rxf3 Bg7 27. Rdf1 f5 28. a4 0-0 29. Nc4 Rd8 30. Rd3 Kf7 31. g4 f4 32. g3 e5 33. gxf4 gxf4 34. Re1 Rc3 35. Nb2 Rb8 0-1

[Event "Tenerife-ch Juniors"]
[Site "Santa Cruz"]
[Date "2019.02.15"]
[Round "5.1"]
[White "Gil Ojeda, Jorge"]
[Black "Perez Perez, Gabriel"]
[Result "0-1"]
[WhiteElo "1981"]
[BlackElo "2097"]
[PlyCount "96"]
[EventDate "2019.02.01"]
[EventType "tourn"]
[EventRounds "7"]
[EventCountry "ESP"]
[SourceTitle "EXT 2024"]
[Source "ChessBase"]
[SourceDate "2023.10.10"]
[SourceVersion "1"]
[SourceVersionDate "2023.10.10"]
[SourceQuality "1"]

1. e4 c5 2. Nf3 e6 3. d4 cxd4 4. Nxd4 Nc6 5. Nc3 Qc7 6. Be3 a6 7. Qf3 Nf6 8. Qg3 Qxg3 9. hxg3 Ng4 10. Nxc6 Nxe3 11. Nd4 Nxf1 12. Rxf1 b5 13. 0-0-0 d6 14. a3 Bb7 15. Nb3 Rc8 16. f4 Be7 17. f5 Bg5+ 18. Kb1 Ke7 19. Rfe1 Bf6 20. Na2 Rc7 21. Nb4 h5 22. Nd3 Be5 23. fxe6 fxe6 24. Nf4 Rh6 25. Nd2 g5 26. Ne2 Rc8 27. Rf1 g4 28. Rf2 Rf8 29. Rxf8 Kxf8 30. Rf1+ Ke7 31. c3 d5 32. Nb3 dxe4 33. Nc5 Bd5 34. Nxa6 Bc4 35. Re1 Rf6 36. Nc5 e3 37. Ne4 Bd3+ 38. Kc1 Bxe4 39. Nf4 Bxf4 40. gxf4 Bxg2 41. Rxe3 Rxf4 42. Re5 h4 43. Rxb5 h3 44. Rb7+ Bxb7 45. Kc2 h2 46. Kb3 h1Q 47. a4 Qd1+ 48. Ka2 Bd5+ 0-1

[Event "Tenerife-chT Preferente 1819"]
[Site "Tenerife"]
[Date "2019.02.09"]
[Round "7.3"]
[White "Martinez Rojas, Carlos Jose"]
[Black "Gil Ojeda, Jorge"]
[Result "1/2-1/2"]
[WhiteElo "2021"]
[BlackElo "1988"]
[PlyCount "120"]
[EventDate "2018.11.24"]
[EventType "team-tourn"]
[EventRounds "14"]
[EventCountry "ESP"]
[SourceTitle "CBM 189 Extra"]
[Source "ChessBase"]
[SourceDate "2019.05.31"]
[SourceVersion "1"]
[SourceVersionDate "2019.05.31"]
[SourceQuality "1"]
[WhiteTeam "Al Shah Mat Los Realejos"]
[BlackTeam "Fundacion La Caja de Canarias"]
[WhiteTeamCountry "ESP"]
[BlackTeamCountry "ESP"]

1. e4 c5 2. Nf3 d6 3. Nc3 Nf6 4. d4 cxd4 5. Nxd4 Nc6 6. Bc4 e6 7. 0-0 a6 8. Bb3 Be7 9. Be3 Na5 10. f4 Qc7 11. Qf3 b5 12. f5 e5 13. Nd5 Nxd5 14. Bxd5 exd4 15. Bxd4 Bb7 16. Bxg7 Bxd5 17. exd5 0-0-0 18. f6 Rhg8 19. fxe7 Qxe7 20. Bf6 Qa7+ 21. Kh1 Rde8 22. b3 Qc5 23. c3 Qa3 24. Qf5+ Kc7 25. Qc2 Nb7 26. b4 Rg4 27. h3 Rge4 28. Qb3 Qa4 29. Qxa4 bxa4 30. Bd4 Nd8 31. Rfb1 Re2 32. Rf1 Rc2 33. Rf2 Ree2 34. Rxe2 Rxe2 35. a3 f5 36. c4 Nf7 37. Rf1 Ne5 38. Bxe5 Rxe5 39. Rf3 Kb6 40. Rc3 a5 41. Kh2 axb4 42. axb4 Re8 43. Kg3 Ra8 44. Ra3 Rc8 45. Rc3 Ra8 46. c5+ Kb5 47. cxd6 Kxb4 48. Rc1 a3 49. Kf4 a2 50. d7 Rd8 51. Kxf5 Rxd7 52. Ke6 Rg7 53. g4 Rg6+ 54. Ke7 Rh6 55. d6 Rxh3 56. Rd1 Rd3 57. Ra1 Kb3 58. d7 Re3+ 59. Kd6 Rd3+ 60. Kc7 Rc3+ 1/2-1/2

[Event "Santa Cruz de Tenerife op 29th"]
[Site "Santa Cruz de Tenerife"]
[Date "2018.12.14"]
[Round "2"]
[White "Fernandez Garcia, Jose Luis"]
[Black "Gil Ojeda, Jorge"]
[Result "1/2-1/2"]
[WhiteElo "2433"]
[BlackElo "1968"]
[PlyCount "92"]
[EventDate "2018.12.13"]
[EventType "swiss"]
[EventRounds "9"]
[EventCountry "ESP"]
[SourceTitle "CBM 188 Extra"]
[Source "ChessBase"]
[SourceDate "2019.02.28"]
[SourceVersion "1"]
[SourceVersionDate "2019.02.28"]
[SourceQuality "1"]

1. e4 c5 2. Nf3 d6 3. Bb5+ Nd7 4. c3 a6 5. Ba4 Ngf6 6. Bc2 g6 7. 0-0 Bg7 8. d4 cxd4 9. cxd4 0-0 10. Nc3 b5 11. e5 dxe5 12. dxe5 Ng4 13. e6 fxe6 14. Ng5 Ndf6 15. Qe2 Qc7 16. g3 Qc6 17. Bb3 Nh6 18. Nxe6 Bxe6 19. Qxe6+ Qxe6 20. Bxe6+ Kh8 21. Re1 Nfg4 22. f4 Bd4+ 23. Kg2 Nf5 24. Nd5 Nf6 25. Nb4 Rad8 26. Re2 Rd6 27. Nc2 Rfd8 28. Bxf5 gxf5 29. Nxd4 Rxd4 30. Be3 Re4 31. Rae1 Kg8 32. Bb6 Rd7 33. Kh3 Kf7 34. Kh4 Rb7 35. Ba5 Ra4 36. b4 Ne4 37. Kh5 Ra3 38. Kh6 Rc3 39. Kxh7 e6 40. Kh6 Rc8 41. Rxe4 Rh8+ 42. Kg5 Rg8+ 43. Kh4 Rh8+ 44. Kg5 Rg8+ 45. Kh5 Rh8+ 46. Kg5 Rg8+ 1/2-1/2

[Event "Santa Cruz de Tenerife Verano op"]
[Site "Santa Cruz de Tenerife"]
[Date "2018.09.10"]
[Round "6"]
[White "Gil Ojeda, Jorge"]
[Black "Lestao Balseiro, Adrian"]
[Result "0-1"]
[WhiteElo "1863"]
[BlackElo "2236"]
[PlyCount "50"]
[EventDate "2018.08.20"]
[EventType "swiss"]
[EventRounds "9"]
[EventCountry "ESP"]
[SourceTitle "CBM 186 Extra"]
[Source "ChessBase"]
[SourceDate "2018.08.24"]
[SourceVersion "1"]
[SourceVersionDate "2018.08.24"]
[SourceQuality "1"]

1. e4 e5 2. Nf3 Nc6 3. d4 exd4 4. Nxd4 Nf6 5. Nxc6 bxc6 6. e5 Qe7 7. Qe2 Nd5 8. c4 Ba6 9. b3 g6 10. f4 Bg7 11. Qf2 Nb6 12. Ba3 d6 13. Nd2 c5 14. 0-0-0 0-0-0 15. Ne4 dxe5 16. Rxd8+ Rxd8 17. Bxc5 Qd7 18. Be2 Qf5 19. Bf3 exf4 20. a4 Qe5 21. Qa2 f5 22. Bxb6 axb6 23. Ng5 Qe3+ 24. Kb1 Rd2 25. Qa3 Qd3+ 0-1

[Event "San Cristobal de La Laguna op 1st"]
[Site "San Cristobal de La Laguna"]
[Date "2018.09.04"]
[Round "6"]
[White "Gil Ojeda, Jorge"]
[Black "Hernandez Leon, Sergio"]
[Result "1/2-1/2"]
[WhiteElo "1863"]
[BlackElo "2130"]
[PlyCount "63"]
[EventDate "2018.08.31"]
[EventType "swiss"]
[EventRounds "9"]
[EventCountry "ESP"]
[SourceTitle "CBM 186 Extra"]
[Source "ChessBase"]
[SourceDate "2018.08.24"]
[SourceVersion "1"]
[SourceVersionDate "2018.08.24"]
[SourceQuality "1"]

1. e4 c5 2. Nf3 d6 3. d4 cxd4 4. Nxd4 Nf6 5. Nc3 a6 6. Bg5 e6 7. f4 Be7 8. Qf3 Qc7 9. 0-0-0 Nbd7 10. g4 b5 11. Bxf6 Nxf6 12. g5 Nd7 13. f5 Nc5 14. f6 gxf6 15. gxf6 Bf8 16. Re1 Bb7 17. Rg1 0-0-0 18. a3 Bh6+ 19. Kb1 Bd2 20. Re2 Bxc3 21. Qxc3 Nxe4 22. Qxc7+ Kxc7 23. Rg7 Rd7 24. Bh3 d5 25. Nxe6+ fxe6 26. Bxe6 Nxf6 27. Bxd7 Nxd7 28. Ree7 Bc6 29. Rxh7 Rf8 30. Ref7 Re8 31. Re7 Rf8 32. Ref7 1/2-1/2

[Event "Las Palmas Montalvo Memorial 11th"]
[Site "Las Palmas"]
[Date "2018.03.27"]
[Round "5"]
[White "Mamani Beltran, Daniel"]
[Black "Gil Ojeda, Jorge"]
[Result "1-0"]
[WhiteElo "1520"]
[BlackElo "1859"]
[PlyCount "145"]
[EventDate "2018.03.24"]
[EventType "swiss"]
[EventRounds "9"]
[EventCountry "ESP"]
[SourceTitle "CBM 183 Extra"]
[Source "ChessBase"]
[SourceDate "2018.04.19"]
[SourceVersion "1"]
[SourceVersionDate "2018.04.19"]
[SourceQuality "1"]

1. Nf3 Nf6 2. g3 g6 3. Bg2 Bg7 4. 0-0 0-0 5. Re1 d6 6. d4 d5 7. c4 c6 8. Nbd2 Ne4 9. b3 f5 10. Bb2 e6 11. Rc1 Nd7 12. Qc2 Ndf6 13. Ba3 Re8 14. Bb2 Ng4 15. Rf1 Bh6 16. h3 Ngxf2 17. Rxf2 Be3 18. Nxe4 fxe4 19. Ne5 Qg5 20. Rcf1 Rf8 21. Ng4 Bxf2+ 22. Rxf2 Rxf2 23. Kxf2 Bd7 24. Qc1 Rf8+ 25. Kg1 Qh5 26. Qh6 Qf5 27. Bc1 Be8 28. Qg5 Qxg5 29. Bxg5 h5 30. Ne5 Bf7 31. h4 Rc8 32. Bh3 a5 33. Nxg6 Kg7 34. Nf4 a4 35. cxd5 cxd5 36. Nxd5 Rc2 37. Nf4 Rxa2 38. bxa4 Rxa4 39. e3 b5 40. Nxe6+ Kg6 41. Nf4+ Kg7 42. Bf5 Ra1+ 43. Kg2 b4 44. Bxe4 b3 45. d5 b2 46. d6 Be8 47. Ne6+ Kg8 48. Nd8 Bd7 49. Bf6 b1Q 50. Bxb1 Rxb1 51. e4 Rb8 52. e5 Rb2+ 53. Kf3 Bg4+ 54. Kf4 Rf2+ 55. Kg5 Re2 56. Nc6 Kf7 57. Nd4 Re4 58. Nf5 Ke6 59. Ng7+ Kf7 60. Nxh5 Bd7 61. Nf4 Ke8 62. h5 Re1 63. e6 Bxe6 64. Nxe6 Rxe6 65. h6 Re3 66. h7 Kf7 67. h8Q Rxg3+ 68. Kf4 Rg8 69. Qxg8+ Kxg8 70. d7 Kh7 71. d8Q Kg6 72. Qe7 Kh5 73. Qh7# 1-0

[Event "Santa Cruz de Tenerife March 18 op"]
[Site "Santa Cruz de Tenerife"]
[Date "2018.03.21"]
[Round "8"]
[White "Hidalgo Santana, Fernando"]
[Black "Gil Ojeda, Jorge"]
[Result "1-0"]
[WhiteElo "2161"]
[BlackElo "1859"]
[PlyCount "128"]
[EventDate "2018.03.05"]
[EventType "swiss"]
[EventRounds "9"]
[EventCountry "ESP"]
[SourceTitle "CBM 183 Extra"]
[Source "ChessBase"]
[SourceDate "2018.04.19"]
[SourceVersion "1"]
[SourceVersionDate "2018.04.19"]
[SourceQuality "1"]

1. e4 c5 2. Nf3 e6 3. c3 Nf6 4. e5 Nd5 5. d4 cxd4 6. Qxd4 Nc6 7. Qe4 f5 8. Qe2 b5 9. Qxb5 Qc7 10. Qe2 a5 11. c4 Ba6 12. g3 Be7 13. Bg2 0-0 14. 0-0 Rab8 15. b3 a4 16. Qd1 Nxe5 17. Nd4 Nb4 18. Nc3 Ned3 19. Be3 f4 20. gxf4 Nxf4 21. Be4 Rf6 22. Nde2 Nxe2+ 23. Nxe2 Bb7 24. Bxb7 Qxb7 25. Ng3 Rg6 26. Rb1 a3 27. Qe2 Bf6 28. Bc5 Bh4 29. Bd6 Nc6 30. Qe4 Bf6 31. Rfd1 Ra8 32. b4 Bb2 33. Rd3 Nd8 34. Qxb7 Nxb7 35. Be7 d6 36. Bxd6 Nxd6 37. Rxd6 Rg4 38. Rc6 Ra4 39. b5 Rgxc4 40. Rxe6 Rab4 41. Nf5 Rg4+ 42. Kf1 Rxb5 43. Ne3 Rh4 44. Rd1 Kf7 45. Ra6 Rb7 46. Nf5 Rhb4 47. Nd6+ Ke7 48. Nxb7 Rxb7 49. Rd3 Rc7 50. Rb3 Kf7 51. Ke2 Rd7 52. Rab6 Rd4 53. Rf3+ Ke7 54. Rb7+ Ke6 55. Rxg7 Re4+ 56. Kd3 Re1 57. Rxh7 Ra1 58. Rh6+ Ke5 59. Re3+ Kf5 60. Rf3+ Ke5 61. Rh5+ Ke6 62. Re3+ Kd6 63. Rg3 Rd1+ 64. Ke2 Rc1 1-0